Curso de gestión tecnológica

Guardat en:
Dades bibliogràfiques
Autor corporatiu: CINDA (Autor)
Format: Llibre
Idioma:espanyol
Publicat: Santiago CINDA 1981
Matèries:
Etiquetes: Afegir etiqueta
Sense etiquetes, Sigues el primer a etiquetar aquest registre!

MARC

LEADER 00000nam a2200000 a 4500
001 UCU6703
003 CL-VaPUC
008 960621e19810000CL |||||||||||||||||spa|d
082 0 4 |a 658.514  |b CIN  |2 21 
110 2 |a CINDA  |e author  |9 365028 
245 1 0 |a Curso de gestión tecnológica 
300 |a 604 p 
942 |c BK 
945 |d 19960621 00:00:00  |a paguirre 
260 |a Santiago  |b CINDA  |c 1981 
650 0 |a Tecnología  |9 256742 
650 0 |a Administración de empresas   |9 260833 
650 0 |a Adaptabilidad tecnológica  |9 365029 
650 0 |a Cambio tecnológico  |9 334821 
583 |a last modification  |c 19960621 00:00:00  |k Rodrigo Vera 
999 |c 249527  |d 249525 
952 |0 0  |1 0  |4 0  |6 658_514000000000000_CIN_1981  |7 0  |8 A  |9 266810  |a BIBING  |b BIBING  |d 2019-11-19  |i 1690116  |o 658.514 CIN 1981  |p 1690116  |r 2025-01-20  |w 2019-11-19  |y BK  |k ING